000 00428nam a2200157Ia 4500
003 SISC
005 20180815153446.0
008 180815s9999 xx 000 0 und d
100 _aWarren,Rick
245 _cRick Warren.--
_aThe Purpose driven life :
_bwhat on earth am I here for? /
260 _aUSA :
_bZondervan
_c2002
300 _a334 pages.
650 _aChristian life.
650 _aReligious life.
942 _2lcc
_cBK
999 _c358326
_d358326